Pengurusan jenazah menurut empat mazhab & doa-doa menghadapi maut

Bibliographic Details
Other Authors: Abu Muhammad
Format: Book
Published: Kuala Lumpur : Jasmin Enterprise , 2000
Subjects:

MARC

LEADER 00000cam a2200000 7i4500
001 0000006164
005 20050628.0
020 |a 9832087163 
040 |a INS 
090 0 0 |a BP184.9.F8.   |b A165 2000 
245 0 0 |a Pengurusan jenazah menurut empat mazhab & doa-doa menghadapi maut   |c penyusun Abu Muhammad 
260 |a Kuala Lumpur :   |b Jasmin Enterprise ,   |c 2000 
300 |a 255p ;   |c 22cm. 
650 0 0 |a Islam   |x Customs and practices 
700 0 |a Abu Muhammad 
999 |a 0000007599   |b BOOK   |c Open Shelf   |e Default branch